| 000 -LEADER |
| fixed length control field |
00340pab a2200133 454500 |
| 008 - FIXED-LENGTH DATA ELEMENTS--GENERAL INFORMATION |
| fixed length control field |
180718b2005 xxu||||| |||| 00| 0 eng d |
| 100 ## - MAIN ENTRY--PERSONAL NAME |
| Personal name |
Durrant, Sam |
| 245 ## - TITLE STATEMENT |
| Title |
The invention of mourning of post-apartheid literature |
| 260 ## - PUBLICATION, DISTRIBUTION, ETC. |
| Date of publication, distribution, etc. |
2005 |
| 300 ## - PHYSICAL DESCRIPTION |
| Extent |
p.441-50. |
| 650 ## - SUBJECT ADDED ENTRY--TOPICAL TERM |
| Topical term or geographic name entry element |
Apartheid |
| 773 ## - HOST ITEM ENTRY |
| Main entry heading |
Third World Quarterly |
| 909 ## - |
| -- |
65309 |